000 00713cam a22002292 4500
001 0000020329
005 20151217161200.0
008 110912s xx 000 0 eng d
020 _a0199234974 :
_cKES 1,400
040 _aKABU
_cKABU
050 0 _aPN6084
_b.H8O94 2007
245 1 0 _aOxford dictionary of humorous quotations /
_ced. by Ned Sherrin.
250 _a3rd ed.
260 _aOxford :
_bOUP,
_c2007.
300 _axxix, 525 p.
650 0 _aQuotations, English
_vDictionaries.
_@0000180499
650 0 _aWit & humour
_vDictionaries.
_@0000180500
700 1 _aSherrin, Ned.
_@0000180501
852 1 _9p1400 KES
908 _a110912
950 _@1
999 _c15236
_d15236